000 00289nam a22001337a 4500
003 SGT
082 _a616.89, B15K
100 _aKUMARI, NEELAM
245 _aBEHAVIORAL SCIENCE
260 _aJALANDOR
_bPV. PUB.
_c2015
300 _a158
650 _aBEHAVIORAL SCIENCE
942 _2ddc
_cBK
999 _c9202
_d9202